Statistics for Countries That Were Affected During The Cold War

Click here to take the quiz!

General Stats

  • This quiz has been taken 95 times
  • The average score is 21 of 24

Answer Stats

CategoryAnswer% Correct
Missile CrisisCuba
97%
Fall of Soviet UnionUkraine
97%
Major PowerUSA
96%
Fall of Soviet UnionEstonia
94%
Fall of Soviet UnionBelarus
93%
Fall of Soviet UnionLatvia
93%
Fall of Soviet UnionLithuania
93%
Fall of Soviet UnionKazakhstan
91%
Major PowerSoviet Union
91%
Fall of Soviet UnionArmenia
90%
Fall of Soviet UnionAzerbaijan
90%
Fall of Soviet UnionGeorgia
90%
Fall of Soviet UnionMoldova
90%
Fall of Soviet UnionRussia
90%
Fall of Soviet UnionUzbekistan
90%
Soviet InvasionAfghanistan
88%
Fall of Soviet UnionTajikistan
88%
Fall of Soviet UnionTurkmenistan
88%
Division of TerritoryGermany
85%
Fall of Soviet UnionKyrgyzstan
84%
Division of TerritoryVietnam
81%
Division of TerritoryKorea
75%
Sub-Saharan AfricaAngola
57%
Economic DevelopmentJapan
52%

Score Distribution

Percentile by Number Answered

Percent of People with Each Score

Your Score History

You have not taken this quiz